Egypt medical devices report Q3 2015.
| Format: | Book |
|---|---|
| Published: |
London:
Business Monitor International,
2015.
|
| Subjects: |
| LEADER | 00490cam a2200145 7i4500 | ||
|---|---|---|---|
| 001 | 0000032784 | ||
| 005 | 20151008090000.0 | ||
| 022 | 0 | 0 | |a 20538170 |
| 090 | 0 | 0 | |a EGPT 610.284 |b EGY |
| 245 | 2 | 0 | |a Egypt medical devices report Q3 2015. |
| 260 | 0 | 0 | |a London: |b Business Monitor International, |c 2015. |
| 300 | # | # | |a 137 pages. |
| 650 | 0 | 0 | |a Medical devices -- |x Markets -- |z Egypt |
| 650 | 0 | 0 | |a Medical instruments and apparatus -- |x Markets -- |z Egypt |
| 999 | |a B000036627 |b Book |c Countries |e Business Information Centre | ||